| 000 | 00811cam a2200265 a 4500 | ||
|---|---|---|---|
| 005 | 20260322212028.0 | ||
| 008 | data | ||
| 010 | _a 94107861 | ||
| 020 |
_a0822053241 : _c{dollar}6.95 |
||
| 020 |
_a9780822053248 : _c{dollar}6.95 |
||
| 040 |
_aDLC _cDLC _dDLC |
||
| 050 | 0 | 0 |
_aHB171.5 _b.D78 1993 |
| 082 | 0 | 0 |
_a330 _220 |
| 092 | _a330.20 D78 1993 | ||
| 100 | 1 |
_aDuffy, John, _d1964- |
|
| 245 | 1 | 0 |
_aEconomics / _cJohn Duffy. |
| 250 | _a1st ed. | ||
| 260 |
_aLincoln, Neb. : _bCliffs Notes, Inc., _cc1993. |
||
| 300 |
_aix, 156 p. : _bill. ; _c21 cm. |
||
| 440 | 0 | _aCliffs quick review | |
| 650 | 0 | _aEconomics. | |
| 856 | 4 | 2 |
_3Publisher description _uhttp://www.loc.gov/catdir/description/wiley037/94107861.html |
| 856 | 4 | 1 |
_3Table of contents _uhttp://www.loc.gov/catdir/toc/wiley022/94107861.html |
| 001 | data | ||
| 999 |
_c635 _d635 |
||